Aproximación a los avances de cinco entidades en el proceso de implementación del documento Propuesta técnica para la formulación de un plan de acción nacional en biodiversidad Colombia biodiversidad siglo XXI - Eje Conocer (Registro nro. 6763)
[ vista simple ]
| 000 -CABECERA | |
|---|---|
| Campo de control | 01221nam a2200169 a 4500 |
| 005 - FECHA Y HORA DE LA ULTIMA TRANSACCION | |
| Campo de control | 20140130141037.0 |
| 008 - ELEMENTOS DE LONGITUD FIJA—INFORMACION GENERAL | |
| Campo de control | 140130b2008 ck ||||| |||| 00| 0 spa d |
| 041 ## - IDIOMA | |
| Código de idioma para texto/pista de sonido o título separado | Español |
| 044 ## - PAÍS DE PUBLICACIÓN | |
| País de publicación | Colombia |
| 090 ## - CLASIFICACIÓN LOCAL | |
| Colección | IAVH |
| Consecutivo | 01290 |
| 100 ## - ASIENTO PRINCIPAL--NOMBRE PERSONAL | |
| Nombre personal | Hernández Cárdenas, Verónica |
| 245 ## - MENCION DE TITULO | |
| Título | Aproximación a los avances de cinco entidades en el proceso de implementación del documento Propuesta técnica para la formulación de un plan de acción nacional en biodiversidad Colombia biodiversidad siglo XXI - Eje Conocer |
| 260 ## - PUBLICACION, DISTRIBUCION, ETC. (PIE DE IMPRENTA) | |
| Lugar de publicación, distribución, etc. | Bogotá |
| Nombre del editor, distribuidor, etc. | IAVH |
| Fecha de publicación, distribución, etc. | 2008 |
| 300 ## - DESCRIPCION FISICA | |
| Extensión | 27 p. |
| 505 ## - NOTA DE CONTENIDO | |
| Nota de contenido | Contenido CD: Avances en el plan de acción - Agenda de investigación en sistemática siglo XXI -- Plan de Acción Nacional en Biodieversidad -Formulación - (IAvH) - Avances Agenda de Priorización 2005 - 2010 del Convenio de Diversidad Biológica para Colombia -- Estrategia 2: Recuperación, protección, divulgación del conocimiento tradicional -- Aproximación a los avances de cinco entidades en el proceso de implementación del documento Propuesta Técnica para la Formulación de un Plan de Acción Nacional en Biodiversidad. Colombia biodiversidad siglo XXI - Eje Conocer / Verónica Hernández Cárdenas |
| 942 ## - ELEMENTOS ADICIONALES (KOHA) | |
| Tipo de ítem | Impreso |
| Sistema de clasificación | Local |
| Withdrawn status | Lost status | Sistema de Clasificación | Damaged status | No para préstamo | Colección | Inventariado | Ubicación Permanente | Ubicación actual | Fecha de adquisición | Total Checkouts | Número topográfico | Inventario / Código de Barras | Date last seen | Ejemplar | Price effective from | Forma de adquisición | Tipo de material | Public note |
|---|---|---|---|---|---|---|---|---|---|---|---|---|---|---|---|---|---|---|
| Local | Humboldt | Inventariado 2017 | Bogotá | Bogotá | 10/01/2009 | IAVH-01290 | 026732 | 09/08/2024 | Ej. 1 | 04/12/2012 | Informe Técnico | |||||||
| Local | Humboldt | Bogotá | Bogotá | 10/01/2009 | IAVH-01290 | 026733 | 04/12/2012 | Ej. 1 | 04/12/2012 | CD-ROM | Productos finales |